000
00376nam a22001697a 4500
003
MPLRDC
005
20220104150655.0
008
210129b ||||| |||| 00| 0 eng d
082
_a
996 ZSX
100
_a
张淑霞发行
245
_a
可爱的童玩
_c
250
_a
初版
260
_a
_b
宏文出版社
_c
1993
300
_b
平
650
_a
942
_c
BK
_o
996 ZSX
999
_c
51990
_d
51980